000 00214nam a2200097Ia 4500
008 240331s9999 xx 000 0 und d
082 _bMON
100 _aMontgomery, L.M.
245 0 _aAnne of green gables
942 _cL
999 _c5863
_d5863